Manuel de Falla and spanish music
Gorde:
| Egile nagusia: | |
|---|---|
| Formatua: | Liburua |
| Hizkuntza: | gaztelania |
| Argitaratua: |
Nueva York
Alfred A. Knopf
1934
|
| Gaiak: | |
| Etiketak: |
Etiketa erantsi
Etiketarik gabe, Izan zaitez lehena erregistro honi etiketa jartzen!
|
MARC
| LEADER | 00000nam a2200000 a 4500 | ||
|---|---|---|---|
| 001 | UCN1281 | ||
| 003 | CL-VaPUC | ||
| 008 | 010420e19340000US |||||||||||||||||spa|d | ||
| 082 | 0 | 4 | |a 780.92 |b TRE |2 21 |
| 100 | 0 | |a Trend, J. B |e author |9 456812 | |
| 245 | 1 | 0 | |a Manuel de Falla and spanish music |
| 300 | |a 184 p | ||
| 942 | |c BK | ||
| 945 | |d 20010420 00:00:00 |a crobeson | ||
| 260 | |a Nueva York |b Alfred A. Knopf |c 1934 | ||
| 600 | 0 | |a Falla, Manuel de |9 266640 | |
| 650 | 0 | |a Compositores españoles |9 456813 | |
| 650 | 0 | |a Música española |9 306755 | |
| 583 | |a last modification |c 20010420 00:00:00 |k Rodrigo Vera | ||
| 999 | |c 294856 |d 294854 | ||
| 952 | |0 0 |1 0 |4 0 |6 780_920000000000000_TRE_1934 |7 0 |8 A |9 347598 |a BIBEDU |b BIBEDU |d 2019-11-20 |i 1180177 |o 780.92 TRE 1934 |p 1180177 |r 2023-01-12 |w 2019-11-20 |y BK |k MUS | ||